000 00615nam a2200217Ia 4500
003 GCL
008 140319s9999 xx 000 0 ara d
040 _aGCL /
_cGCL
082 0 4 _a320.54
_bم ت
100 1 _aمحسن خضر
245 1 0 _aتعريب مصر السياسى /
_cمحسن خضر
260 _a[S.N] :
_bمكتبة مدبولى ،
_c1992
300 _a204 ص
490 _a
650 0 4 _aمصر
650 0 4 _aالعالم العربى
650 0 4 _aاتفاقيات كامب ديفيد
650 0 4 _aالوحدة العربية
650 0 4 _aالقومية العربية
942 _2ddc
_cBK
999 _c30830
_d30830